00506 a2200169 4500010001400000020002300014035001300037037001500050082001100065100002300076245004900099250001800148260005700166270005800223300003600281500001900317 aENG-88266 a8180040119c245.00 aEN-71799 bDBAD / PUB14a618.921 aSanthosh Kumar, A.1 aHandbook of pediatrics/cby A. Santosh Kumar a4th ed (repr) aNew DelhibAll India Publishers & Distributorsc2007 a4380/4B, Ansari Road, Darya Ganj,bNew Delhie110 002 a418p.c22cm (pbk )bb&w photos aIncludes index